| 000 | 00437cam a2200181ua 4500 | ||
|---|---|---|---|
| 020 | _c10.00 | ||
| 041 |
_aeng _h |
||
| 082 |
_a690.0223 _bSUB/PL |
||
| 100 | _aSubramanian, P.S . | ||
| 245 |
_aPlans for your homes / _cP.S.Subramanian. _hTextual Documents |
||
| 250 |
_a1 / _b. |
||
| 260 |
_a : _bHiggin Bothams , _c1966. |
||
| 300 |
_a159 : _b` ; . |
||
| 365 | _a10.00 | ||
| 504 | _a | ||
| 942 | _cBK | ||
| 999 |
_c1769 _d1769 |
||